The Simpsons: Canyonero! Quiz Stats

 Plays Quiz Updated Feb 27, 2020

Support Sporcle.
Go Orange.
Score 0/87 Timer 04:00
0 Plays Today
% Correct
Can
91%
a
89.3%
Canyonero!
84.3%
Canyonero!
84.3%
Canyonero!
84.3%
Canyonero!
84.3%
Canyonero!
84.3%
Canyonero!
84.3%
Canyonero!
84.3%
Canyonero!
84.3%
Canyonero!
84.3%
Canyonero!
84.3%
you
84.3%
a
82.6%
a
82.6%
a
82.6%
a
82.6%
the
79.3%
the
79.3%
the
79.3%
the
79.3%
It's
60.6%
truck
57.3%
and
54.6%
and
54.6%
drive?
54.5%
it
53.7%
of
48.6%
of
48.6%
% Correct
four
43.9%
for
43.5%
name
43.5%
with
42.9%
with
42.9%
with
42.9%
wheel
42.5%
in
39.2%
are
39.1%
truck
38.9%
wide,
38.2%
two
35.8%
lanes
33.9%
like
32.3%
seats
32.1%
deer
31.7%
American
31.4%
machine!
31.2%
fires
30.9%
thirty-five!
30.1%
courts...
30%
matter
29.9%
pride!
29.4%
Unexplained
29.3%
by
27.8%
tons
26.6%
She
25.8%
She
25.6%
clown.
25.2%
% Correct
long
25.1%
Smells
24.9%
drivin'
24.7%
steak
24.2%
high
24%
squirrel
22.5%
endorsed
22.4%
down.
21%
squashin'
20.6%
yards
20.5%
Top
20.5%
smackin'
20.3%
her
20.1%
sports!
19.8%
sixty-five
19.4%
goes
19.3%
line
18.9%
utility
18.8%
real
18.7%
beam.
18.6%
super
17.5%
Twelve
17.4%
slow
17%
blinds
16.9%
hammer
16.4%
Well,
15.9%
country
14.8%
everybody
14.7%
fried
14.2%

You're not logged in!

Compare scores with friends on all Sporcle quizzes.
OR
Log In

From the Vault

Skillful MLB Teammates

by lukemaltais

This quiz is proof that it takes more than a couple all-stars to win a World Series.
Remove Ads.
Support Sporcle.
Get the best of Sporcle when you Go Orange. This ad-free experience offers more features, more stats, and more fun while also helping to support Sporcle. Thank you for becoming a member.

Show Comments

Extras

Top Quizzes Today


Score Distribution

Your Account Isn't Verified!

In order to create a playlist on Sporcle, you need to verify the email address you used during registration. Go to your Sporcle Settings to finish the process.

Report this User

Report this user for behavior that violates our Community Guidelines.

Details: